Basic Engineering Thermodynamics / (Record no. 579)

000 -LEADER
fixed length control field 00576nam a2200205 a 4500
003 - CONTROL NUMBER IDENTIFIER
control field PK-NaQUE
005 - DATE AND TIME OF LATEST TRANSACTION
control field 20250919120613.0
008 - FIXED-LENGTH DATA ELEMENTS--GENERAL INFORMATION
fixed length control field 250919b ||||| |||| 00| 0 eng d
020 ## - INTERNATIONAL STANDARD BOOK NUMBER
International Standard Book Number 0070728151 (hardcover)
020 ## - INTERNATIONAL STANDARD BOOK NUMBER
International Standard Book Number 9780070728158 (hardcover)
040 ## - CATALOGING SOURCE
Transcribing agency QUEST
100 1# - MAIN ENTRY--PERSONAL NAME
Personal name Zemansky, Mark W.
245 10 - TITLE STATEMENT
Title Basic Engineering Thermodynamics /
250 ## - EDITION STATEMENT
Edition statement 2nd ed.
260 ## - PUBLICATION, DISTRIBUTION, ETC. (IMPRINT)
Place of publication, distribution, etc [S.l.] :
Name of publisher, distributor, etc McGraw-Hill Inc.,US,
Date of publication, distribution, etc 1975.
300 ## - PHYSICAL DESCRIPTION
Extent 512 p. ;
650 ## - SUBJECT ADDED ENTRY--TOPICAL TERM
Topical term or geographic name as entry element Thermodynamics
856 40 - ELECTRONIC LOCATION AND ACCESS
Uniform Resource Identifier http://10.10.170.122:8080/browse/book/28433
Link text Download eBook
942 ## - ADDED ENTRY ELEMENTS (KOHA)
Koha item type Books
Source of classification or shelving scheme
Holdings
Withdrawn status Lost status Damaged status Not for loan Permanent Location Current Location Date acquired Cost, normal purchase price Full call number Barcode Date last seen Koha item type Shelving location
        Book Bank Section Book Bank Section 2020-02-12 56.00 621.4021ZEM B1384 2014-04-25 Books  
        Book Bank Section Book Bank Section 2020-02-12 56.00 621.4021ZEM B1385 2014-04-25 Books  
        Book Bank Section Book Bank Section 2020-02-12 56.00 621.4021ZEM B1386 2014-04-25 Books  
        Reference Section Reference Section 2014-04-22 175.70 621.4021ZEM (Shelf-63A) 13622 2024-12-03 Books Reference
        Seminar Library, Mechanical Engg. Seminar Library, Mechanical Engg. 2015-04-28 142.70 621.4021ZEM 9622 2015-04-28 Books  
        Seminar Library, Mechanical Engg. Seminar Library, Mechanical Engg. 2014-04-22 175.70 621.4021ZEM 13621 2024-12-03 Books  

Copyright © 2018,The QUEST, Nawabshah, Shaheed Benazirabad. All rights reserved
Mr. G. Farooq Channar (Librarian) QUEST, Nawabshah, Sindh, Pakistan 67480.
 Ph#: |   0244-9370381-4 Ext. 2308   Email| lib@quest.edu.pk   Web|  http://www.quest.edu.pk